| 000 | 00837nam a2200313Ia 4500 | ||
|---|---|---|---|
| 001 | Z_3503 | ||
| 003 | CHAP | ||
| 008 | 220113s9999 xx 000 0 und d | ||
| 010 | _a166617 | ||
| 020 | _a0-582-60935-6 | ||
| 040 | _cCHAP | ||
| 082 | _a636.39 D48 | ||
| 100 |
_aDevendra, C. _932305 |
||
| 245 |
_aGoat and sheep production in the tropics / _cC. Devendra y G. B. McLeroy; |
||
| 260 |
_aReino Unido : _bLongman, _c |
||
| 300 | _axv, 271 p. | ||
| 440 |
_aIntermediate tropical agriculture series _959530 |
||
| 503 | _aej.1: 126843 | ||
| 650 |
_aCabras _xTrópicos _9140704 |
||
| 650 |
_aovejas _xTrópicos _9140705 |
||
| 650 |
_aTrópicos _xGanadería _9115286 |
||
| 700 |
_aMcLeroy, G. B., coaut. _9140706 |
||
| 901 | _a636.39 D48 | ||
| 902 | _aM | ||
| 910 | _a | ||
| 942 | _c1 | ||
| 942 | _cc1 | ||
| 999 |
_c166617 _d166617 |
||